000 00799nam a2200277Ia 4500
003 OSt
005 20220926010858.0
006 a|||||r|||| 00| 0
007 ta
008 220923b |||||||| |||| 00| 0 eng d
020 _a0137379900
037 _cGeneral Book
040 _aRTL
_cRTL
_beng
041 _2eng
_aeng
082 _aX:9, M5
100 _aKlingner Donald E.
_9313239
245 0 _aPublic personnel management
_b Context and strategi
250 _a2nd
260 _aNew Jersey
_bPrentice Hall
_c1985
300 _axx, 411p.
_ccm.
650 _a Personnel Management
_929105
650 _aLabour Economics
_921364
700 _a Nalbandian John
_9313240
942 _hX:9, M5
_cGB
_2CC
999 _c618617
_d618617